000
00289nam a22001337a 4500
008
171107b xxu||||| |||| 00| 0 eng d
020
_a
9780130843715
041
_a
eng
080
_a
330.722.6
100
_a
62
101
_a
kon
245
_a
COST ACCOUNTING
_c
HORNGREN
942
_2
udc
_c
BK
999
_c
37996
_d
37996